The Seven Wonders of... - Statistics

General Stats
  • This quiz has been taken 32 times
  • The average score is 20 of 63
Answer Stats
Hint Country Answer % Correct
...the Ancient World Iraq* Hanging Gardens of Babylon
89%
...the Ancient World Greece Colossus of Rhodes
74%
...the Medieval World China Great Wall of China
74%
...the New World China Great Wall of China
74%
...the Ancient World Egypt Great Pyramids of Giza
63%
...the Ancient World Egypt Lighthouse of Alexandria
63%
...the New World Jordan Petra
63%
...the Medieval World Italy Colosseum
59%
...the New World Italy Colosseum
59%
...the New World India Taj Mahal
59%
...the Modern Cities France Eiffel Tower
56%
...the New World Peru Machu Picchu
56%
...the Modern World Panama Panama Canal
56%
...the Industrial World Panama Panama Canal
56%
...the New World Brazil Christ the Redeemer
52%
...the Natural World Australia Great Barrier Reef
52%
...the Underwater World Australia Great Barrier Reef
52%
...the Ancient World Greece Temple of Artemis at Ephesus
52%
...the Modern Cities United Kingdom Big Ben
44%
...the Modern Cities UAE Burj Khalifa
44%
...the Natural World USA Grand Canyon
44%
...the Natural World Nepal and China Mount Everest
44%
...the Ancient World Greece Statue of Zeus at Olympia
44%
...the Medieval World United Kingdom Stonehenge
44%
...the Modern World USA Golden Gate Bridge
41%
...the Modern World United Kingdom and France Channel Tunnel
37%
...the New World Mexico Chichen Itza
37%
...the Modern World USA Empire State Building
37%
...the Modern Cities Australia Sydney Opera House
37%
...the Natural World Zambia and Zimbabwe Victoria Falls
37%
...the Medieval World Turkey Hagia Sophia
33%
...the Medieval World Italy Leaning Tower of Pisa
33%
...the Modern World Canada CN Tower
30%
...the Ancient World Turkey Mausoleum at Halicarnassus
30%
...the Modern Cities Russia Saint Basil's Cathedral
30%
...the New Natural World Across South America Amazon Rainforest
26%
...the New Natural World Argentina and Brazil Iguazu Falls
26%
...the Industrial World USA Hoover Dam
22%
...the Modern Cities Japan Tokyo Tower
22%
...the Industrial World USA Brooklyn Bridge
19%
...the Underwater World Ecuador Galápagos Islands
15%
...the Underwater World Russia Lake Baikal
15%
...the New Natural World South Africa Table Mountain
15%
...the New Natural World Vietnam Hạ Long Bay
11%
...the New Natural World South Korea Jeju Island
11%
...the Modern World Brazil and Paraguay Itaipu Dam
7%
...the Natural World Across the Arctic Circle Northern Lights
7%
...the Medieval World China Porcelain Tower of Nanjing
7%
...the New Natural World Indonesia Komodo Island
4%
...the Modern Cities USA Times Square
4%
...the Industrial World USA Transcontinental Railroad
4%
...the Underwater World Belize Belize Barrier Reef
0%
...the Industrial World United Kingdom Bell Rock Lighthouse
0%
...the Medieval World Egypt Catacombs of Kom el Shoqafa
0%
...the Underwater World Across the Ocean Floor Deep Sea Vents
0%
...the Modern World Netherlands Delta Works/Zuiderzee Works
0%
...the Natural World Brazil Harbor of Rio de Janeiro
0%
...the Industrial World United Kingdom London Sewer System
0%
...the Underwater World Across the North Middle East Northern Red Sea
0%
...the Underwater World Palau Palau
0%
...the Natural World Mexico Parícutin Volcano
0%
...the New Natural World Philippines Puerto Princesa Underground River
0%
...the Industrial World United Kingdom** SS Great Eastern
0%
No matching quizzes found
Score Distribution
Percent of People with Each Score
Percentile by Number Answered
Your Score History
You have not taken this quiz